| Tag |
First Indicator |
Second Indicator |
Subfields |
| LEADER |
00000cam a2200000Ia 4500 |
| 001 |
in00002075621 |
| 005 |
20151102122031.0 |
| 008 |
030226s2002 txub b 000 0 eng d |
| 035 |
|
|
|a (OCoLC)ocm51748137
|
| 040 |
|
|
|a TXK
|c TXK
|d OCLCQ
|d TXA
|d UtOrBLW
|
| 043 |
|
|
|a n-us-tx
|
| 049 |
|
|
|a TXAM
|
| 090 |
|
|
|a F392.L6
|b L56 2002
|
| 100 |
1 |
|
|a Linder-Linsley, Sue E.
|
| 245 |
1 |
0 |
|a Cultural resources investigation for the Kingsland Water Supply Corp. Water Treatment Facility, Llano County, Texas /
|c by Sue E. Linder-Linsley, principal investigator.
|
| 246 |
3 |
0 |
|a Kingsland Water Supply Corp. Water Treatment Facility, Llano County, Texas
|
| 264 |
|
1 |
|a Dallas, TX :
|b Linder/Linsley Consulting,
|c 2002.
|
| 300 |
|
|
|a 13 leaves :
|b maps ;
|c 28 cm.
|
| 336 |
|
|
|a text
|b txt
|2 rdacontent
|
| 337 |
|
|
|a unmediated
|b n
|2 rdamedia
|
| 338 |
|
|
|a volume
|b nc
|2 rdacarrier
|
| 500 |
|
|
|a "September, 2002."
|
| 500 |
|
|
|a Regulated by the Texas Historical Commission through the Antiquities Code of Texas.
|
| 504 |
|
|
|a Includes bibliographical references (leaves 12-13).
|
| 650 |
|
0 |
|a Archaeological surveying
|z Texas
|z Llano County.
|
| 651 |
|
0 |
|a Llano County (Tex.)
|x Antiquities.
|
| 710 |
2 |
|
|a Texas Historical Commission.
|
| 710 |
2 |
|
|a Linder/Linsley Consulting (Firm)
|
| 994 |
|
|
|a C0
|b TXA
|
| 948 |
|
|
|a cataloged
|b h
|c 2005/9/12
|d c
|e rrojas/croman
|
| 999 |
|
|
|a MARS
|
| 999 |
f |
f |
|s 86d16dfe-18f3-34bf-a714-1051d5318d95
|i 1c2e2af9-6d74-3a10-9a29-0f1dced2d069
|t 0
|
| 952 |
f |
f |
|p ric
|a Texas A&M University
|b Rellis Campus
|c Joint Library Facility
|d Remote Storage
|t 0
|e F392.L6 L56 2002
|h Library of Congress classification
|i unmediated -- volume
|m A14830122944
|
| 998 |
f |
f |
|a F392.L6 L56 2002
|t 0
|l Remote Storage
|